000 00933nam a22002537a 4500
003 dpl
005 20240821111801.0
008 231221b |||||||| |||| 00| 0 eng d
010 _aB-756962-965 ENG-139886 ENG-141342
020 _a9789391504960
_c995.00
035 _aB-756962-965
035 _aEN-123418
035 _aEN-124874
037 _bHar Anand
040 _c0
082 _a230
100 _4Kaur, Harpreet
245 _aKartarpur Sahib:
_bLast Abode of Sri Guru Nanak Dev/
_cBy Harpreet Kaur
260 _aNew Delhi
_bHar Anand Publication
_c2023
270 _aE-49/3, Okhla Industrial Area, Phase-II,
_bNew Delhi
_e110020
300 _a255p.
_c22cm(HB)
942 _2ddc
_cEN
_h230
_mKAU
999 _c199745
_d199745